| 000 | 00568nam a22002057a 4500 | ||
|---|---|---|---|
| 003 | Ost | ||
| 005 | 20140310183119.0 | ||
| 008 | 130215t xxu||||| |||| 00| 0 eng d | ||
| 020 | _a9789715846394 | ||
| 050 |
_aD21 _b.Qu6 2008 |
||
| 082 |
_aF909.0076 _b.Q4 2008 |
||
| 245 |
_aKasaysayan ng daigdig / _cQuiason, Serafin D. |
||
| 260 |
_aQuezon City : _bC & E Publishing, Inc. , _cc2008 |
||
| 300 |
_axxx, 558 p. : ill. ; _c25 cm. |
||
| 521 | _acollege students | ||
| 526 | _c1210L-1700L | ||
| 541 | _j1,2 | ||
| 562 | _e2 | ||
| 942 |
_2lcc _cBK _kFIL |
||
| 999 |
_c18911 _d18911 |
||